Java 2 certification exam guide for programmers and developers /
Guardado en:
| Autor Principal: | |
|---|---|
| Otros Autores: | |
| Formato: | Libro |
| Idioma: | English |
| Publicado: |
New York :
McGraw-Hill,
c2000.
|
| Materias: | |
| Etiquetas: |
Agregar Etiqueta
Sin Etiquetas, Sea el primero en etiquetar este registro!
|
| LEADER | 00946cam a2200253 a 4500 | ||
|---|---|---|---|
| 001 | DCC.dcic001139 | ||
| 008 | 000731s2000####nyua##########001#0#eng#d | ||
| 005 | 20151125142553.0 | ||
| 245 | 1 | 0 | |a Java 2 certification exam guide for programmers and developers / |c by Barry Boone and William R. Stanek. |
| 260 | |a New York : |b McGraw-Hill, |c c2000. | ||
| 300 | |a xxii, 687 p. : |b il. ; |c 25 cm. + |e 1 computer laser optical disc (4 3/4 in.) | ||
| 500 | |a Incluye índice. | ||
| 020 | |a 0079137407 | ||
| 100 | 1 | |a Boone, Barry. | |
| 700 | 1 | |a Stanek, William R. | |
| 246 | 1 | 4 | |a All-in-one Java 2 exam guide |
| 082 | 0 | 0 | |a 005.13/3 |2 21 |
| 650 | 0 | |a Electronic data processing personnel |x Certification. | |
| 650 | 0 | |a Programming languages (Electronic computers) |x Examinations |v Study guides. | |
| 650 | 0 | |a Java (Computer program language) | |
| 010 | |a 00700405 | ||
| 040 | |a JRZ |c JRZ |d TXA |d DLC | ||
| 050 | 0 | 0 | |a QA76.3 |b .B658 2000 |
| 859 | |a DCIC |b BIB. COMPUTACION |p 1551 | ||
